000 00757nam a2200217 a 4500
001 000023559
005 20200930022316.0
008 101213s1998 sp ac r 000 0 spa d
020 _a8489784493
040 _aDO-SdBNP
_bspa
_cBNPHU
041 1 7 _aspa
_hkor
_2Código de idiomas MARC
082 _annnn
_bM963n
100 1 _aMun-Yol, Yi,
_d1948-
_948566
245 1 0 _aNuestro frustrado héroe /
_cMun-Yol Yi ; traducción de Jesús Molero Sánchez, Jin-Su Inés Kim.
260 _aMadrid :
_bComplutense,
_c1998.
300 _a96 p. :
_bil., retrs. ;
_c22 cm.
504 _aIncluye referencias bibliográficas y notas al pie de las páginas.
700 1 _aMolero Sánchez, Jesús,
_etr.
_948567
700 1 _aJins-Su Inés, Kim,
_etr.
_948568
049 _aBNGR
999 _c23055
_d23055